书目信息 |
| 题名: |
在惊诧中开始
|
|
| 作者: | 林佳莉 著 | |
| 分册: | ||
| 出版信息: | 北京 北京大学出版社 2005 |
|
| 页数: | 183页 | |
| 开本: | 23cm | |
| 丛书名: | 缤纷人文丛书 | |
| 单 册: | ||
| 中图分类: | J110.92 | |
| 科图分类: | ||
| 主题词: | 艺术史--古希腊 , 艺术史--古罗马 , 艺术史 | |
| 电子资源: | ||
| ISBN: | 7-301-08424-2 | |
| 000 | 01000oam2 2200289 450 | |
| 001 | 012007639285 | |
| 005 | 20070523090804.81 | |
| 010 | @a7-301-08424-2@dCNY40.00 | |
| 100 | @a20070515d2005 km y0chiy0120 ea | |
| 101 | 0 | @achi |
| 102 | @aCN@b110000 | |
| 105 | @aac z 000yy | |
| 106 | @ar | |
| 200 | 1 | @a在惊诧中开始@Azai jing cha zhong kai shi@e古希腊罗马艺术的崇高与优美@f林佳莉著@Flin jia li zhu |
| 210 | @a北京@c北京大学出版社@d2005 | |
| 215 | @a183页@c照片,图@d23cm | |
| 225 | 2 | @a缤纷人文丛书 |
| 330 | @a本书包括在惊诧中开始——爱琴文明时期、英雄的史诗——荷马时期、雅典的皇冠——古典时期、悲情与野性——王政时期、庄严与豪放——共和国时期等几部分内容。 | |
| 461 | 0 | @12001 @a缤纷人文丛书 |
| 517 | 1 | @a古希腊罗马艺术的崇高与优美@Agu xi la luo ma yi shu de chong gao yu you mei |
| 606 | 0 | @a艺术史@y古希腊 |
| 606 | 0 | @a艺术史@y古罗马 |
| 606 | 0 | @a艺术史 |
| 690 | @aJ110.92@v4 | |
| 701 | 0 | @a林佳莉@Alin jia li@4著 |
| 801 | 0 | @aCN@bRULIN@c20070523 |
| 905 | @dJ110.92@e92@s8 | |
| 在惊诧中开始:古希腊罗马艺术的崇高与优美/林佳莉著.-北京:北京大学出版社,2005 |
| 183页:照片,图;23cm.-(缤纷人文丛书) |
| ISBN 7-301-08424-2:CNY40.00 |
| 本书包括在惊诧中开始——爱琴文明时期、英雄的史诗——荷马时期、雅典的皇冠——古典时期、悲情与野性——王政时期、庄严与豪放——共和国时期等几部分内容。 |
| ● |
| 相关链接 |
|
|
|
|
正题名:在惊诧中开始
索取号:J110.92/92
 
预约/预借
| 序号 | 登录号 | 条形码 | 馆藏地/架位号 | 状态 | 备注 |
| 1 | 0575897 | 205758973 | 第一样本阅览室/ [索取号:J110.92/92] | 在馆 | |
| 2 | 0575898 | 205758982 | 第一借阅区/ [索取号:J110.92/92] | 在馆 | |
| 3 | 0575899 | 205758991 | 第一借阅区/ [索取号:J110.92/92] | 在馆 | |
| 4 | 0575900 | 205759008 | 第一借阅区/ [索取号:J110.92/92] | 在馆 | |
| 5 | 0575901 | 205759017 | 第一借阅区/ [索取号:J110.92/92] | 在馆 | |
| 6 | 0575902 | 205759026 | 第一借阅区/ [索取号:J110.92/92] | 在馆 | |
| 7 | 0575903 | 205759035 | 第一借阅区/ [索取号:J110.92/92] | 在馆 | |
| 8 | 0575904 | 205759044 | 第一借阅区/ [索取号:J110.92/92] | 在馆 |